000 00987cam a2200265 a 4500
001 000004574
005 20200929151449.0
008 000612s1953 sp ab 000 0 spa d
040 _aDO-SdBNP
_cspa
_dBNPHU
041 1 7 _aspa
_hfre
082 _a639.27
_bM465y
100 1 _aMaxwell, Gavin,
_d1914-1969.
_913351
240 1 0 _aHarpoon at a Aventura.
_lEspañol
245 1 0 _aYo compré una isla /
_cGavin Maxwell ; versión española J. M. Claramunda Bes.
260 _aBarcelona, (España) :
_bAymá, S. L. Editores,
_c1953.
300 _a251 p. :
_bil., mapas ;
_c23 cm.
490 1 _aLos Caminos de la Vida
490 1 _aHombres, Tiempos y Países,
_v10
534 _aTítulo original :
_tHarpoon at a Aventura
500 _aOriginally published: London : R. Hart-Davis, 1952.
650 4 _aPesca de tiburones
_913352
650 4 _aPesca
_zEspaña
_913353
700 1 _aClaramunda Bes, J. M.,
_etr.
_913354
830 0 _aLos caminos de la vida ;
_pHombres, Tiempos y Países,
_v10
_913355
999 _c4382
_d4382